00677nam a2200169Ia 4500008004100000100002000041245012200061245010900183260000900292300002200301440004500323500001100368650002400379650003600403650003500439650003300474170725s9999 xx 000 0 und d aLeonardo Pessoa aBuilding reliable and maintainable Dynamic Software Product Lines: An investigation in the Body Sensor Network domain cLeonardo Pessoa, Paula Fernandes, Thiago Castro, Vander Alves, Genaína N. Rodrigues, Hervaldo Carvalho c2017 apages 54-70, June aInformation and software technologyv86: aCJ0031 aBody Sensor Network aContext-awareness; Adaptiveness aDynamic Software Product Lines aReliability; Maintainability